000 01144nam a22002897a 4500
001 000038557
003 DO-SdBNP
005 20250221073755.0
007 ta
008 100205s2019 dr a 000 0 spa d
020 _a25180444
040 _aDO-SdBNP
_bspa
_cBNPHU
082 _a317.293
_bR426e, 2018
110 1 _aRepública Dominicana
_bSecretaría de Estado de Economía, Planificación y Desarrollo
_bOficina Nacional de Estadística
_934693
245 1 0 _aEncuesta Nacional de hogares de propósitos múltiples (ENHOGAR 2018) :
_binforme general
260 _aSanto Domingo :
_bONE,
_c2019.
300 _a198 p. :
_bil. ;
_c28 cm.
505 0 _t
_t
_t
590 _aInventariado,2022/DG
650 4 _aRepública dominicana
_xPoblación
_y2008
_xEstadísticas
_957325
650 4 _aEncuestas de viviendas
_zRepública Dominicana
_y2008
_xEstadísticas
_957326
650 4 _aSeguridad social
_zRepública Dominicana
_y2008
_xEstadísticas
_957327
650 4 _aMortalidad
_zRepública Dominicana
_y2008
_xEstadísticas
_957328
710 1 2 _aRepública Dominicana.
_bOficina Nacional de Estadística
_95775
910 _aDG
942 _2ddc
_cLBS1
999 _c51361
_d51361